00274nam a2200109 a 4500008004100000050001500041245001600056246002900072260003800101300001600139350000900155120416s1990 ||||||||||||||||| || u aBP 109 Kor10aHoly Qur'an aKora, English and Arabic aQunbAnssarian Publicationsc1990 axxxv, 634p. a0.00